[Event "Wch U20 Girls"]
[Site "Zagan"]
[Date "1997.07.26"]
[Round "12"]
[White "Moncayo, Evelyn"]
[Black "Vajda, Szidonia"]
[Result "0-1"]
[WhiteElo "2085"]
[BlackElo "2355"]

1.e4 c5 2.Nf3 d6 3.d4 cxd4 4.Nxd4 Nf6 5.Nc3 a6 6.f3 e5 7.Nb3 Be6 8.Be3 Be7
9.Be2 O-O 10.Qd2 b5 11.O-O-O b4 12.Nd5 Bxd5 13.exd5 a5 14.g4 a4 15.Na1 Ra5
16.Bc4 Na6 17.h4 Qc7 18.Bxa6 Rxa6 19.g5 Nd7 20.Qxb4 Rb8 21.Qc3 Qb7 22.a3 Bd8
23.Rd3 Ba5 24.b4 axb3 25.Qxb3 Qc7 26.Qa2 Bc3 27.Bd2 Bxa1 28.Qxa1 Nc5 29.Rc3 Qb7
30.Be3 Rb6 31.Kd2 Qxd5+ 32.Ke2 e4 33.f4 Qf5 34.Rg1 Rb5 35.Qd1 Na4 36.Rc7 Rd5
37.Qa1 Rc8 38.Rxc8+ Qxc8 39.Qc1 Nc3+ 40.Kf2 Qh3 41.Rg3 Qh2+ 42.Rg2 Qxh4+
43.Rg3 Qxg3+ 44.Kxg3 Ne2+ 45.Kf2 Nxc1 46.Bxc1 Rc5 47.Ke3 Rxc2 48.Bd2 d5 49.Bb4 f6  0-1

[Event "EU-ch U20"]
[Site "Tallinn"]
[Date "1997.09.20"]
[Round "11"]
[White "Bakhtadze, Giorgi"]
[Black "Shishkov, Andrei"]
[Result "1/2-1/2"]
[WhiteElo "2365"]
[BlackElo "2230"]

1.e4 c5 2.Nf3 d6 3.d4 cxd4 4.Nxd4 Nf6 5.Nc3 a6 6.f3 e6 7.Be3 b5 8.Qd2 Nbd7
9.O-O-O Bb7 10.g4 Nb6 11.Qf2 Nfd7 12.Kb1 Rc8 13.h4 Rxc3 14.bxc3 Na4 15.Qe1 d5
16.e5 Ba3 17.f4 Bb2 18.Bd2 Ndb6 19.Rh3 Nc4 20.Bxc4 bxc4 21.Bc1 Qb6 22.Nb3 Bxc1
23.Kxc1 cxb3 24.cxb3 Nc5 25.Qe3 O-O 26.f5 Qa5 27.Kb2 Ne4 28.Rd4 Rc8 29.Ra4 Qc5
30.Qd4 Qc7 31.Rf3 a5 32.f6 Bc6 33.Ra3 Be8 34.h5 a4 35.bxa4 Qc5 36.Qxc5 Nxc5
37.a5 Ba4 38.g5 Ra8 39.Rg3 Rxa5 40.g6 hxg6 41.hxg6 gxf6 42.exf6 Ne4 43.Rd3 fxg6
44.Rd4 Nc5 45.c4 Ra7 46.cxd5 Rb7+ 47.Kc1 exd5 48.Rxd5 Rc7 49.Rc3 Ne6 50.Rxc7 Nxc7
51.Ra5 Be8 52.Kd2 Ne6 53.Ra7 Nc5 54.Ke3 Nd7 55.a4 Nxf6 56.a5 Bc6 57.Ra6 Nd5+
58.Kd4 Ne7 59.Ke5 Bb7 60.Rb6 Nc6+  1/2-1/2

[Event "ESP-ch"]
[Site "Torrevieja"]
[Date "1997.10.04"]
[Round "7"]
[White "Rodriguez Lopez, Rafael"]
[Black "Serra Olives, Tomas"]
[Result "1-0"]
[WhiteElo "2325"]
[BlackElo "2205"]

1.e4 c5 2.Nf3 d6 3.d4 cxd4 4.Nxd4 Nf6 5.Nc3 a6 6.f3 e6 7.Be3 Be7 8.Qd2 O-O
9.g4 Nc6 10.O-O-O Qc7 11.h4 Nxd4 12.Bxd4 e5 13.Be3 Be6 14.h5 b5 15.g5 b4
16.Ne2 Nd7 17.Kb1 Nb6 18.b3 d5 19.Nc1 d4 20.Bg1 a5 21.Bh3 a4 22.g6 h6 23.f4 axb3
24.cxb3 Rfc8 25.gxf7+ Kxf7 26.Bxe6+ Kxe6 27.Nd3 Nd7 28.Qg2 Bf6 29.fxe5 Nxe5
30.Nf4+ Kf7 31.Nd5 Qb7 32.Nxf6 gxf6 33.Bxd4 Rg8 34.Qe2 Qa6 35.Qf2 Qc6 36.Rhe1 Rg5
37.Rc1 Qd6 38.Red1 Qe6 39.Rc7+ Kg8 40.Rg1 Rf8 41.Qf5 Qxf5 42.exf5 Rf7 43.Rxg5+ hxg5
44.Rxf7 Kxf7 45.Bc5 Kg7 46.Bxb4 Kh6 47.Kc2 Kxh5 48.Bc3 Nd7 49.Kd3 g4 50.Bd4 g3
51.Ke4 Kg4 52.a4 g2 53.b4 Ne5 54.b5 Nc4 55.Kd5 Na5 56.Ke6 Nb3 57.Bg1 Kf3
58.b6 Na5 59.Kxf6 Ke2 60.Ke6 Kf1 61.Bh2  1-0

[Event "Mladi op"]
[Site "Litomysl"]
[Date "1997.10.23"]
[Round "2"]
[White "Krejci, J."]
[Black "Kalod, Radek"]
[Result "0-1"]
[WhiteElo "2125"]
[BlackElo "2430"]

1.e4 c5 2.Nf3 d6 3.d4 cxd4 4.Nxd4 Nf6 5.Nc3 a6 6.f3 e6 7.Be3 b5 8.g4 Nfd7
9.Qd2 Bb7 10.O-O-O Nb6 11.h4 N8d7 12.g5 b4 13.Nb1 d5 14.h5 Rc8 15.Qf2 e5
16.exd5 exd4 17.Bxd4 Bc5 18.Re1+ Kf8 19.h6 g6 20.Bg7+ Kg8 21.Qd2 Bf8 22.Bxh8 Kxh8
23.f4 Kg8 24.Bh3 Rc5 25.Rhf1 Bxd5 26.Rf2 f5 27.Bg2 Bf7 28.Qe2 Qc7 29.Qxa6 Nd5
30.Bxd5 Bxd5 31.Re8 Kf7 32.Re1 Bd6 33.Kd1 Be4 34.Rxe4 fxe4 35.f5 Rxf5 36.Rxf5+ gxf5
37.Qe2 Ne5 38.Nd2 Be7 39.Qf2 Qd7  0-1

[Event "HUN-ch"]
[Site "Budapest"]
[Date "1997.10.28"]
[Round "7"]
[White "Sax, Gyula"]
[Black "Leko, Peter"]
[Result "1/2-1/2"]
[WhiteElo "2570"]
[BlackElo "2635"]

1.e4 c5 2.Nf3 d6 3.d4 cxd4 4.Nxd4 Nf6 5.Nc3 a6 6.f3 e5 7.Nb3 Be6 8.Be3 Nbd7
9.Qd2 h5 10.O-O-O Rc8 11.Kb1 Qc7 12.g3 Be7 13.h3 b5 14.Qf2 Qb7 15.Na5 Qc7
16.Nb3 Qb7 17.Na5 Qc7  1/2-1/2

[Event "Hellir op"]
[Site "Reykjavik"]
[Date "1997.10.31"]
[Round "8"]
[White "Mortensen, Erling"]
[Black "Wilhelmi, Christian"]
[Result "1-0"]
[WhiteElo "2455"]
[BlackElo "2405"]

1.e4 c5 2.Nf3 d6 3.d4 cxd4 4.Nxd4 Nf6 5.Nc3 a6 6.f3 e5 7.Nb3 Be6 8.Be3 Nbd7
9.Qd2 Rc8 10.g4 h6 11.O-O-O Qc7 12.Kb1 Nc5 13.h4 b5 14.Rh2 Na4 15.Nd5 Bxd5
16.exd5 Nb6 17.Bxb6 Qxb6 18.Qa5 Qxa5 19.Nxa5 Be7 20.c4 bxc4 21.Bxc4 Ra8 22.Nc6 Nd7
23.b4 Bf6 24.Rg1 g5 25.h5 O-O 26.Bd3 e4 27.Bxe4 Nb6 28.Kc2 a5 29.b5 Rfe8
30.Kd3 Rac8 31.Rc2 a4 32.a3 Kf8 33.Rgc1 Nd7 34.Bf5 Rc7 35.Bxd7 Rxd7 36.Rb1 Rb7
37.Rc4 Ra8 38.Rbb4 Re8 39.b6 Kg7 40.Na5 Rbe7 41.Re4  1-0

[Event "RUS-Cup01 Chigorin mem"]
[Site "St Petersburg"]
[Date "1997.11.04"]
[Round "4"]
[White "Socko, Bartosz"]
[Black "Lastin, Alexander"]
[Result "1/2-1/2"]
[WhiteElo "2435"]
[BlackElo "2550"]

1.e4 c5 2.Nf3 d6 3.d4 cxd4 4.Nxd4 Nf6 5.Nc3 a6 6.f3 e6 7.Be3 b5 8.Qd2 Nbd7
9.g4 h6 10.h4 Bb7 11.Rg1 g6 12.g5 hxg5 13.hxg5 Nh5 14.O-O-O Be7 15.Kb1 Rc8
16.a3 Nc5 17.Bh3 Qc7 18.Bg4 Nd7 19.f4 Nb6 20.Ndxb5 axb5 21.Qd4 Rh7 22.Qxb6 Qxb6
23.Bxb6 Nxf4 24.Be3 Nh3 25.Rg3 Nxg5 26.Bxg5 Bxg5 27.Bxe6 Rxc3 28.Rxg5 Rc5
29.Bd5 Bxd5 30.Rgxd5 Rh4 31.Rxd6 Rxe4 32.R1d2 g5 33.b4 Rce5 34.Rd8+ Ke7 35.R2d7+ Kf6
36.Rb7 Kg7 37.Rbb8 g4 38.Rg8+ Kf6 39.Rb6+ Kf5 40.Rg7 f6 41.Rf7 Re6 42.Rxb5+ Kf4
43.Rb8 g3 44.Rg8 R4e5  1/2-1/2

[Event "RUS-Cup01 Chigorin mem"]
[Site "St Petersburg"]
[Date "1997.11.06"]
[Round "6"]
[White "Socko, Bartosz"]
[Black "Pavlov, Aleksandr"]
[Result "1-0"]
[WhiteElo "2435"]
[BlackElo "2225"]

1.e4 c5 2.Nf3 d6 3.d4 cxd4 4.Nxd4 Nf6 5.Nc3 a6 6.f3 e6 7.Be3 b5 8.g4 h6 9.Qd2 Nbd7
10.h4 Bb7 11.Rg1 g6 12.g5 hxg5 13.hxg5 Nh5 14.O-O-O b4 15.Nce2 d5 16.exd5 Bxd5
17.Kb1 Qc7 18.Nc1 Bd6 19.Rh1 Ke7 20.Bd3 Ne5 21.Rh3 Qb7 22.Be2 Rac8 23.Ncb3 Qa8
24.Na5 Rc5 25.Ndb3 Rc7 26.f4 Nc6 27.Nc4 Rb8 28.Nxd6 Kxd6 29.f5 Ne7 30.fxe6 fxe6
31.Bxh5 gxh5 32.Bf4+ e5 33.Bxe5+ Kxe5 34.Qh2+ Ke6 35.Qxc7 Re8 36.Re3+ Kf7
37.g6+  1-0

[Event "Viking op"]
[Site "Aaland-Stockholm"]
[Date "1997.??.??"]
[Round "?"]
[White "Fedorov, Alexei"]
[Black "Tsiganova, Monika"]
[Result "1/2-1/2"]
[WhiteElo "2600"]
[BlackElo "2285"]

1.e4 c5 2.Nf3 d6 3.d4 cxd4 4.Nxd4 Nf6 5.Nc3 a6 6.f3 e5 7.Nb3 Be6 8.Be3 Nbd7
9.Qd2 Rc8 10.g4 Nb6 11.O-O-O Be7 12.h4 Nc4 13.Bxc4 Rxc4 14.Kb1 b5 15.g5 Nd7
16.h5 Nb6 17.g6 fxg6 18.hxg6 h6 19.f4 b4 20.Bxb6 bxc3 21.Bxd8 cxd2 22.Bxe7 Kxe7
23.f5 Bd7 24.Nxd2 Rd4 25.c3 Rd3 26.Kc2 Rg3 27.Nc4 Bc6 28.Rhe1 Rd8 29.Rd3 Rxd3
30.Kxd3 Bb5 31.b3 d5 32.exd5 Rxd5+ 33.Ke4 Bxc4 34.bxc4 Rc5 35.Rb1 Rxc4+ 36.Kxe5 Rc5+
37.Ke4 Rxc3 38.Rb7+ Kf8 39.Rf7+ Kg8 40.Ra7 Kf8 41.Rxa6 Rc1 42.a4 Re1+ 43.Kd5 h5
44.a5 h4 45.Ra8+ Ke7 46.Kc6 h3 47.Rh8 Rh1 48.a6 h2 49.a7 Ra1  1/2-1/2

[Event "Andorra op"]
[Site "Andorra"]
[Date "1997.??.??"]
[Round "2"]
[White "Magem Badals, Jorge"]
[Black "Ayas, Antonio"]
[Result "1-0"]
[WhiteElo "2570"]
[BlackElo "2310"]

1.e4 c5 2.Nf3 d6 3.d4 Nf6 4.Nc3 cxd4 5.Nxd4 a6 6.f3 e5 7.Nb3 b5 8.a4 b4 9.Nd5 Nxd5
10.Qxd5 Ra7 11.Be3 Be6 12.Qa5 Qxa5 13.Nxa5 Rc7 14.O-O-O Be7 15.b3 O-O 16.Kb1 Nd7
17.Bc4 Rfc8 18.Rd2 Nc5 19.Bd5 Bxd5 20.Rxd5 Ne6 21.Nc4 Rxc4 22.bxc4 Rxc4 23.Rhd1 Rc6
24.R1d3 Nc7 25.Ra5 f6 26.Rb3 Rc4 27.Bb6 Ne6 28.Rxa6 Nf4 29.Ra7 Kf8 30.g3 Ne2
31.Rc7 Rxc7 32.Bxc7 d5 33.exd5 Bc5 34.a5 Ke8 35.Bb6 Bd6 36.a6  1-0

[Event "Wch Seniors"]
[Site "Bad Wildbad"]
[Date "1997.??.??"]
[Round "5"]
[White "Papapostolou, Christos"]
[Black "Solonar, Ion"]
[Result "0-1"]
[WhiteElo "2190"]
[BlackElo "2310"]

1.e4 c5 2.Nf3 d6 3.d4 cxd4 4.Nxd4 Nf6 5.Nc3 a6 6.f3 e5 7.Nb3 Be6 8.Be3 Nbd7
9.g4 Nb6 10.Qd2 Qc7 11.g5 Nfd7 12.h4 Be7 13.O-O-O O-O-O 14.Nd5 Bxd5 15.exd5 Kb8
16.Kb1 f5 17.Na5 Rde8 18.f4 Bd8 19.Bh3 g6 20.Bg2 Na4 21.Nb3 Ndb6 22.Bf1 Rhf8
23.Qb4 Rf7 24.c4 Rd7 25.Bd3 Be7 26.Rc1 Bf8 27.h5 Bg7 28.Rc2 Rc8 29.Rhc1 Nc5
30.Nxc5 dxc5 31.Qd2 Re8 32.hxg6 hxg6 33.Rh1 exf4 34.Bxf4 Be5 35.Bxe5 Qxe5
36.Qa5 Rd6 37.Re2 Qxe2 38.Bxe2 Rxe2 39.Qxc5 Rxb2+ 40.Ka1 Rd8 41.Rh2 Rc8 42.Qe7 Nxc4
43.Qd7 Rb6 44.a3 Rb3 45.Rh7 Rxa3+ 46.Kb1 Rb3+ 47.Ka2 Ra3+ 48.Kb1 Nd2+ 49.Kb2 Rb3+  0-1

[Event "KS Sommerskak op"]
[Site "Copenhagen"]
[Date "1997.??.??"]
[Round "?"]
[White "Mortensen, Erling"]
[Black "Sammalvuo, Tapani"]
[Result "0-1"]
[WhiteElo "2450"]
[BlackElo "2375"]

1.e4 c5 2.Nf3 d6 3.d4 cxd4 4.Nxd4 Nf6 5.Nc3 a6 6.f3 e5 7.Nb3 Be6 8.Be3 Nbd7
9.g4 h6 10.Qd2 b5 11.h4 Nb6 12.Qf2 Na4 13.Nxa4 bxa4 14.Nd2 Rb8 15.Nc4 Qc7
16.b3 d5 17.exd5 Nxd5 18.Bd3 Nxe3 19.Qxe3 Bc5 20.Qe2 h5 21.g5 e4 22.Qxe4 g6
23.Ne5 O-O 24.f4 Rfd8 25.Rh2 Rd4 26.Qf3 Bd6 27.Rd1 Rxf4  0-1

[Event "Corsica rap op"]
[Site "Corsica"]
[Date "1997.??.??"]
[Round "6"]
[White "De la Riva Aguado, Oscar"]
[Black "Pigusov, Evgeny"]
[Result "1-0"]
[WhiteElo "2460"]
[BlackElo "2560"]

1.e4 c5 2.Nf3 d6 3.d4 cxd4 4.Nxd4 Nf6 5.Nc3 a6 6.f3 e5 7.Nb3 Be6 8.Be3 Nbd7
9.g4 Be7 10.Qd2 Rc8 11.O-O-O Nb6 12.Kb1 Qc7 13.h4 h5 14.g5 Nfd7 15.Qf2 O-O
16.Bc1 g6 17.Bh3 Rfe8 18.Nd5 Nxd5 19.exd5 Bxh3 20.Rxh3 Bf8 21.Be3 Bg7 22.Rhh1 b5
23.Rc1 e4 24.f4 Nc5 25.Nxc5 dxc5 26.Rcd1 Qd6 27.f5 gxf5 28.Qxf5 c4 29.Rhg1 Qg6
30.Rgf1 Rcd8 31.d6 Qxf5 32.Rxf5 Rd7 33.Rc5 Be5 34.Rc6  1-0

[Event "RUS-Cup5"]
[Site "Ekaterinburg"]
[Date "1997.??.??"]
[Round "4"]
[White "Fedorov, Alexei"]
[Black "Sadvakasov, Darmen"]
[Result "1-0"]
[WhiteElo "2580"]
[BlackElo "2405"]

1.e4 c5 2.Nf3 d6 3.d4 cxd4 4.Nxd4 Nf6 5.Nc3 a6 6.f3 e5 7.Nb3 Be6 8.Be3 Nbd7
9.Qd2 b5 10.O-O-O h5 11.Kb1 Nb6 12.Qf2 Nfd7 13.f4 Qc7 14.f5 Bc4 15.Bxc4 bxc4
16.Nd2 Rb8 17.Ka1 Qc6 18.Bxb6 Nxb6 19.Ndb1 Be7 20.Nd5 Bd8 21.Nbc3 Nd7 22.Qg3 Kf8
23.Rb1 Ba5 24.Rhd1 h4 25.Qe3 Bxc3 26.bxc3 Rb5 27.Qa7 Rh5 28.Nb4 Rxb4 29.Rxb4 Rg5
30.Rdb1 Kg8 31.Rb7 Nc5 32.Rb8+ Kh7 33.Qxf7  1-0

[Event "RUS-Cup5"]
[Site "Ekaterinburg"]
[Date "1997.??.??"]
[Round "5"]
[White "Lastin, Alexander"]
[Black "Fokin, Sergey"]
[Result "1-0"]
[WhiteElo "2535"]
[BlackElo "2380"]

1.e4 c5 2.Nc3 d6 3.Nge2 a6 4.d4 cxd4 5.Nxd4 Nf6 6.Be3 Ng4 7.Bc1 Nf6 8.f3 e5
9.Nb3 Be6 10.Be3 Nbd7 11.Qd2 h5 12.O-O-O Be7 13.Kb1 b5 14.Nd5 Bxd5 15.exd5 Nb6
16.Bxb6 Qxb6 17.Qe2 O-O 18.g4 g6 19.g5 Nh7 20.f4 Rae8 21.fxe5 Bxg5 22.e6 Qe3
23.Qg2 h4 24.Bd3 f5 25.Rhe1 Qa7 26.Nd2 Qg7 27.Nf3 Bf6 28.Rg1  1-0

[Event "Bundesliga 9697"]
[Site "Germany"]
[Date "1997.??.??"]
[Round "?.6"]
[White "Brendel, Oliver"]
[Black "Stangl, Markus"]
[Result "0-1"]
[WhiteElo "2430"]
[BlackElo "2540"]

1.e4 c5 2.Nf3 d6 3.d4 cxd4 4.Nxd4 Nf6 5.Nc3 a6 6.f3 e5 7.Nb3 Be6 8.Be3 Nbd7
9.Qd2 Rc8 10.g4 Nb6 11.O-O-O Nc4 12.Bxc4 Rxc4 13.Bc5 h5 14.g5 Nd7 15.Bxd6 Bxd6
16.Qxd6 Qxg5+ 17.Rd2 Rc6 18.Qb4 Rb6 19.Qa3 Qe7 20.Qa5 Rc6 21.Nd5 Bxd5 22.Rxd5 Rhh6
23.Qd2 Nb6 24.Rd3 Nc4 25.Qf2 Rhd6 26.Rhd1 Qc7 27.Rxd6 Nxd6 28.Kb1 Nc4 29.Nc1 Rb6
30.b3 Na3+ 31.Kb2 Nb5 32.Qd2 Rc6 33.Ne2 Rd6 34.Qc1 Qc5 35.Rxd6 Qxd6 36.a4 Nd4
37.Nxd4 exd4 38.e5 Qd5 39.f4 d3 40.cxd3 Qxd3 41.Qc3 Qd7 42.Qc5 g6 43.Kc3 h4
44.Kc4 Qf5 45.Kc3 Qxf4 46.Qc8+ Ke7 47.Qxb7+ Kf8 48.Qxa6 Qxe5+ 49.Kb4 Qxh2
50.Qf6 Qg3 51.a5 h3 52.a6 h2 53.Qh8+ Ke7 54.a7 Qd6+  0-1

[Event "Koge op"]
[Site "Koge"]
[Date "1997.??.??"]
[Round "8"]
[White "Mortensen, Erling"]
[Black "Hillarp Persson, Tiger"]
[Result "1-0"]
[WhiteElo "2450"]
[BlackElo "2475"]

1.e4 c5 2.Nf3 d6 3.d4 cxd4 4.Nxd4 Nf6 5.Nc3 a6 6.f3 e5 7.Nb3 Be6 8.Be3 Be7
9.Qd2 O-O 10.O-O-O a5 11.Bb5 Nc6 12.g4 Ne8 13.Kb1 Qb8 14.Nd5 Bxd5 15.exd5 Nc7
16.dxc6 Nxb5 17.Nxa5 Qc7 18.Nb3 bxc6 19.c4 Na7 20.f4 exf4 21.Bxf4 Nc8 22.Rhe1 Qa7
23.Nc1 Rd8 24.Re3 Nb6 25.Qe2 Bf8 26.Ra3 Qb7 27.Rxa8 Qxa8 28.b3 d5 29.Bc7 Re8
30.Qf2 Nxc4 31.bxc4 Qb7+ 32.Qb6 Rb8 33.Kc2 Qxb6 34.Bxb6 Rxb6 35.cxd5 Bd6
36.Nb3 g6 37.h3 cxd5 38.Rxd5 Ba3 39.Ra5 Rc6+ 40.Kd3 Bb4 41.Ra4 Be1 42.Re4 Bf2
43.a4 Kg7 44.a5 Rf6 45.Ra4 Ba7 46.Nd4 Bxd4 47.Rxd4 Rf3+ 48.Kc4 Rxh3 49.a6 h5
50.Kb5 hxg4 51.a7 Rh8 52.Rxg4 f5 53.Rb4 Kf6 54.Ka6 Ra8 55.Rb8 Rxa7+ 56.Kxa7 Ke5
57.Kb6 f4 58.Kc5 Ke4 59.Kc4 Ke3 60.Kc3 g5 61.Re8+ Kf2 62.Kd2 g4 63.Re4 g3
64.Rxf4+ Kg1 65.Ke2  1-0

[Event "Krasnodar op"]
[Site "Krasnodar"]
[Date "1997.??.??"]
[Round "?"]
[White "Vorobiov, Evgeny E"]
[Black "Petrushin, Alexander I"]
[Result "1/2-1/2"]
[WhiteElo "2435"]
[BlackElo "2415"]

1.e4 c5 2.Nf3 d6 3.d4 cxd4 4.Nxd4 Nf6 5.Nc3 a6 6.f3 e6 7.Be3 b5 8.Qd2 Nbd7
9.g4 b4 10.Nce2 h6 11.O-O-O d5 12.exd5 Nxd5 13.Nf4 N7f6 14.Bc4 Bb7 15.Rhe1 Be7
16.Nfxe6 fxe6 17.Nxe6 Qc8 18.Bc5 Kf7 19.Ng5+ hxg5 20.Rxe7+ Kg8 21.Qxg5 Rh7
22.Rxd5 Bxd5 23.Bxd5+ Nxd5 24.Qxd5+ Kh8 25.Bd4 Qf8 26.Qg5 Rd8 27.Bxg7+ Rxg7
28.Rxg7 Qd6 29.b3 Qd1+  1/2-1/2

[Event "RUS-Cup7"]
[Site "Kstovo"]
[Date "1997.??.??"]
[Round "9"]
[White "Lastin, Alexander"]
[Black "Vaulin, Alexander"]
[Result "1-0"]
[WhiteElo "2535"]
[BlackElo "2490"]

1.e4 c5 2.Nf3 d6 3.d4 cxd4 4.Nxd4 Nf6 5.Nc3 a6 6.f3 e5 7.Nb3 Be6 8.Be3 Nbd7
9.Qd2 b5 10.g4 Nb6 11.g5 Nfd7 12.Nd5 Rc8 13.O-O-O Bxd5 14.exd5 Nc4 15.Qf2 Be7
16.h4 Nxe3 17.Qxe3 h6 18.g6 f5 19.f4 O-O 20.Bh3 Bxh4 21.Kb1 Qc7 22.c3 Rce8
23.Qd3 e4 24.Qc2 Bf6 25.Bxf5 Nc5 26.Nxc5 Qxc5 27.Be6+ Kh8 28.Rh3 Rxe6 29.dxe6 Qf5
30.Qh2 Qxg6 31.f5 Qh7 32.Qxd6  1-0

[Event "Gran Canaria op"]
[Site "Las Palmas"]
[Date "1997.??.??"]
[Round "?"]
[White "Magem Badals, Jorge"]
[Black "Pogorelov, Ruslan"]
[Result "1/2-1/2"]
[WhiteElo "2560"]
[BlackElo "2440"]

1.e4 c5 2.Nf3 d6 3.d4 cxd4 4.Nxd4 Nf6 5.Nc3 a6 6.f3 e5 7.Nb3 Be6 8.Be3 Be7
9.Qd2 O-O 10.O-O-O b5 11.g4 b4 12.Na4 Nbd7 13.g5 Nh5 14.Kb1 a5 15.Bb5 Rb8
16.c4 Qc7 17.Rc1 Nc5 18.Rhd1 Rfd8 19.h4 f5 20.gxf6 Bxf6 21.Naxc5 dxc5 22.Qh2 Be7
23.Rxd8+ Rxd8 24.Nxa5 Rd3 25.Bg5 Bxg5 26.hxg5 Nf4 27.Nb3 Rxf3 28.Rd1 Qe7
29.Qg1 Nd3 30.Bc6 Bxc4 31.Nd2 Qe6 32.Nxc4 Qxc6 33.Qg4 Rf4 34.Qe2 Qxe4 35.Qxe4 Rxe4
36.Nd6 Rd4 37.Nf5 Rd7 38.Kc2 e4 39.b3 Rf7 40.Ng3 Rf2+ 41.Kb1 Rb2+ 42.Ka1 Rg2
43.Nxe4 Rg4 44.Rxd3 Rxe4 45.Rd5 c4 46.bxc4 Rxc4 47.Kb2 Kf7 48.Kb3 Rg4 49.Rb5 Kg6
50.Rxb4 Rg3+ 51.Kb2 Rxg5 52.a4 h5 53.Rb6+ Kf7 54.Rb7+ Kg6 55.Rb6+ Kh7 56.Rb5 Rg2+
57.Kb3 Kh6 58.a5 Rg1 59.Kb2 Rf1 60.a6 Rf8 61.a7 Ra8 62.Rb6+ g6 63.Ra6 h4
64.Kc2 Kh5 65.Kd1 h3 66.Ra2 Kh6 67.Rh2 Rxa7 68.Rxh3+ Kg5 69.Rg3+ Kh5 70.Ke2 Rf7
71.Rg1  1/2-1/2

[Event "Goldberg mem"]
[Site "Moscow "]
[Date "1997.??.??"]
[Round "9"]
[White "Lastin, Alexander"]
[Black "Yuferov, Sergey  N"]
[Result "0-1"]
[WhiteElo "2535"]
[BlackElo "2405"]

1.e4 c5 2.Nf3 d6 3.d4 cxd4 4.Nxd4 Nf6 5.Nc3 a6 6.f3 e5 7.Nb3 Be6 8.Be3 Nbd7
9.Qd2 Be7 10.g4 h6 11.Rg1 b5 12.h4 Nb6 13.g5 hxg5 14.hxg5 Nfd7 15.Nd5 Rc8
16.Nxe7 Kxe7 17.O-O-O Qc7 18.Na5 d5 19.Bxb6 Nxb6 20.exd5 Nxd5 21.Bd3 Rhd8
22.Rge1 g6 23.Kb1 Rd7 24.Nb3 Rcd8 25.Nc1 Nf4 26.Qb4+ Ke8 27.Rh1 Qd6 28.Qa5 Ke7
29.Rde1 Rc8 30.a3 Rdc7 31.Re3  0-1

[Event "Moscow-ch"]
[Site "Moscow"]
[Date "1997.??.??"]
[Round "7"]
[White "Lastin, Alexander"]
[Black "Vorobiov, Evgeny E"]
[Result "1-0"]
[WhiteElo "2535"]
[BlackElo "2435"]

1.e4 c5 2.Nf3 d6 3.d4 cxd4 4.Nxd4 Nf6 5.Nc3 a6 6.f3 e6 7.Be3 b5 8.Qd2 Nbd7
9.g4 Nb6 10.Qf2 Nfd7 11.f4 Qc7 12.f5 e5 13.Ndxb5 axb5 14.Bxb5 Kd8 15.O-O Bb7
16.Rad1 Nc4 17.Bc1 Nf6 18.Qe2 Rc8 19.a4 h6 20.Rd3 Qb6+ 21.Kg2 d5 22.Nxd5 Nxd5
23.Rfd1 Nd6 24.Rxd5 Bxd5 25.Rxd5 Qc7 26.c4 Ke7 27.Rxe5+ Kf6 28.b3 Nxb5 29.Rxb5 Bc5
30.Bb2+ Ke7 31.b4 Bd6 32.e5 Qc6+ 33.Kh3 Rhe8 34.exd6+ Kf8 35.Qd3 Qxc4 36.Qxc4 Rxc4
37.d7 Re3+ 38.Kh4 Rd3 39.Rb8+ Ke7 40.Bxg7 Kxd7 41.Bxh6 Rdd4 42.h3 Rxb4 43.Rf8 Ke7
44.Bg7 Rxa4 45.f6+ Ke6 46.Re8+ Kd5 47.Re7 Ra3 48.Rxf7 Rdd3 49.Rd7+ Ke6 50.Re7+ Kd6
51.Kg5 Rxh3 52.f7  1-0

[Event "RUS-Cup4"]
[Site "Perm"]
[Date "1997.??.??"]
[Round "8"]
[White "Lastin, Alexander"]
[Black "Kotsur, Pavel"]
[Result "1-0"]
[WhiteElo "2535"]
[BlackElo "2480"]

1.e4 c5 2.Nc3 d6 3.Nge2 Nf6 4.d4 cxd4 5.Nxd4 a6 6.Be3 Ng4 7.Bc1 Nf6 8.f3 e5
9.Nb3 Be6 10.Be3 Nbd7 11.Qd2 Rc8 12.g4 b5 13.a4 b4 14.Nd5 Bxd5 15.exd5 Nb8
16.O-O-O Qc7 17.Kb1 Be7 18.g5 Nfd7 19.a5 O-O 20.h4 Rfd8 21.Bh3 Qb7 22.h5 Rc4
23.g6 Nf8 24.gxf7+ Kxf7 25.Bf5 Kg8 26.Rdg1 Nbd7 27.Bh6  1-0

[Event "Plzen KB opJ-A"]
[Site "Plzen"]
[Date "1997.??.??"]
[Round "2"]
[White "Bratanov, Zsivko"]
[Black "Navara, David"]
[Result "1/2-1/2"]
[WhiteElo "2355"]
[BlackElo "2075"]

1.e4 c5 2.Nf3 d6 3.d4 cxd4 4.Nxd4 Nf6 5.Nc3 a6 6.f3 e6 7.Be3 Be7 8.Qd2 Nc6
9.O-O-O Qc7 10.g4 Nd7 11.g5 Na5 12.Nf5 exf5 13.Nd5 Qd8 14.exf5 O-O 15.f6 Nc6
16.Rg1 Nde5 17.fxe7 Nxe7 18.Bb6 Qd7 19.Nf6+ gxf6 20.gxf6+ N5g6 21.Bd3 Nd5
22.Bc4 Nxf6 23.Bd4 Qe7 24.Rxg6+ hxg6 25.Qg5 Kg7 26.h4 Rh8 27.Rg1 Bd7 28.h5 Rh6
29.Bd3 Rxh5 30.Qxh5 Qe3+ 31.Bxe3 Nxh5 32.f4 f5 33.Bc4 Re8 34.Bd4+ Nf6 35.c3 Be6
36.Bd3 Kf7 37.b3 Rh8 38.c4 Rh2 39.Bc2 Nh5 40.Be3 Re2 41.Bd2 Rf2 42.Rh1 Kg8
43.Rh4 Ng3 44.Bd3 Bd7 45.c5 d5 46.a4 Be6 47.Bc3 Nh5 48.Be5 Bd7 49.Kd1 Kf8
50.Be2 Ng3 51.Rh8+ Kf7 52.Bd3 Ne4 53.Ke1 Rg2 54.b4 a5 55.Bb5 Bxb5 56.axb5 axb4
57.c6 bxc6 58.bxc6 d4 59.Bxd4 Rc2 60.c7 Nd6 61.Be5 Ne8 62.Rh2 Rc6 63.Ra2 b3
64.Ra7 Kf8 65.Rb7 b2 66.Kd2 Nd6 67.Rb8+ Ke7 68.Ke2 Rxc7 69.Rxb2 Rc4 70.Rb6 Re4+
71.Kf3 Re3+ 72.Kg2 Rd3 73.Kf2 Rd1 74.Ke2 Rd2+ 75.Kf3 Kd7 76.Ra6 Rd5 77.Ke2  1/2-1/2

[Event "BRA-ch playoff"]
[Site "Rio de Janeiro"]
[Date "1997.??.??"]
[Round "2"]
[White "Lima, Darcy"]
[Black "Leitao, Rafael"]
[Result "1/2-1/2"]
[WhiteElo "2420"]
[BlackElo "2495"]

1.e4 c5 2.Nf3 d6 3.d4 cxd4 4.Nxd4 Nf6 5.Nc3 a6 6.f3 e5 7.Nb3 Be6 8.Be3 Nbd7
9.Qd2 b5 10.a4 b4 11.Nd5 Bxd5 12.exd5 Nb6 13.Bxb6 Qxb6 14.a5 Qb7 15.Bc4 Be7
16.Ra4 Rb8 17.Qd3 Ra8 18.Qd2 Rb8 19.Nc1 Bd8 20.Nd3 Bxa5 21.Rxa5 Qc7 22.Rxa6 Qxc4
23.Rxd6 O-O 24.O-O Nxd5 25.Re1 f6 26.Re4 Qb5 27.h3 Rfd8 28.Rxd8+ Rxd8 29.Kh2 Qa5
30.Rc4 Nf4 31.Qxb4 Qxb4 32.Rxb4 Nxd3 33.cxd3 Rxd3 34.Rb7 Rd2 35.b4 Rb2 36.b5 h5
37.h4 Kh7 38.b6 Kg6 39.Kg3  1/2-1/2

[Event "Mechanics"]
[Site "San Francisco"]
[Date "1997.??.??"]
[Round "9"]
[White "Wolski, Thomas"]
[Black "Wojtkiewicz, Aleksander"]
[Result "0-1"]
[WhiteElo "2300"]
[BlackElo "2575"]

1.e4 c5 2.Nf3 d6 3.d4 cxd4 4.Nxd4 Nf6 5.Nc3 a6 6.f3 e5 7.Nb3 Be6 8.Be3 Nbd7
9.Qd2 Rc8 10.g4 Nb6 11.g5 Nfd7 12.O-O-O Be7 13.h4 O-O 14.Kb1 f5 15.Nd5 Nxd5
16.exd5 Bf7 17.f4 Bh5 18.Be2 Bxe2 19.Qxe2 Qc7 20.Qg2 Bd8 21.Rhe1 a5 22.Rd3 a4
23.Nc1 Qa5 24.Bd2 Qb5 25.Ne2 e4 26.Ra3 Qxd5 27.Nc3 Qc6 28.Rxa4 b5 29.Ra7 Bb6
30.Rxd7 Qxd7 31.Nd5 Qb7 32.Nxb6 Qxb6 33.Be3 Qa5 34.Bd2 Qa4 35.b3 Qa7 36.Bb4 Rfd8
37.Qe2 d5 38.Rd1 d4 39.Rd2 d3 40.Qd1 Rxc2  0-1

[Event "Bayern-ch Seniors op"]
[Site "Schloss Schney"]
[Date "1997.??.??"]
[Round "8"]
[White "Fries, Karl Heinz"]
[Black "Wein, Wolfgang"]
[Result "0-1"]
[WhiteElo "1705"]
[BlackElo "1840"]

1.e4 c5 2.Nf3 d6 3.d4 cxd4 4.Nxd4 Nf6 5.Nc3 a6 6.f3 Qc7 7.Be3 e6 8.Qd2 Bd7
9.O-O-O Be7 10.h4 Nc6 11.g4 Ne5 12.h5 Nc4 13.Bxc4 Qxc4 14.g5 Ng8 15.g6 fxg6
16.hxg6 h6 17.Qg2 Rc8 18.f4 b5 19.Kb1 b4 20.Nce2 e5 21.Nf5 Qxc2+ 22.Ka1 Bxf5
23.exf5 Qxf5 24.fxe5 dxe5 25.Qb7 Qe6 26.Rc1 Rxc1+ 27.Rxc1 Nf6 28.Rc8+ Bd8
29.Bb6 O-O 30.Rxd8 Ne8 31.Be3 Qxg6 32.Qd5+ Kh7 33.Qd3 e4 34.Qd2 Rf1+ 35.Nc1 Qc6
36.Kb1 Nf6 37.Qe2 Rf3 38.Rb8 Nd5 39.Bd4 Nf4 40.Qd2 Rf1 41.b3 Nd3 42.Bb2 Rf2
43.Ne2 Nf4 44.Qd8 Nxe2 45.Qg8+ Kg6 46.Qxg7+ Kh5 47.Qe5+ Kh4 48.a4 bxa3 49.Bxa3 Rf1+
50.Ka2 Nc3+ 51.Kb2 Rf2+ 52.Kc1  0-1

[Event "SVK-chT 9798"]
[Site "SVK"]
[Date "1997.??.??"]
[Round "4"]
[White "Halasz, Stefan"]
[Black "Helbich, Jan"]
[Result "0-1"]
[WhiteElo "2280"]
[BlackElo "2195"]

1.e4 c5 2.Nf3 d6 3.d4 cxd4 4.Nxd4 Nf6 5.Nc3 a6 6.f3 e6 7.Be3 b5 8.a3 Bb7
9.Bd3 Nbd7 10.O-O Be7 11.Na2 d5 12.exd5 Nxd5 13.Bf2 Bg5 14.Rb1 Ne3 15.Bxe3 Bxe3+
16.Kh1 Bxd4  0-1

[Event "Tampere Elo Taraus op"]
[Site "Tampere"]
[Date "1997.??.??"]
[Round "2"]
[White "Simola, Tuomas"]
[Black "Vetemaa, Juri"]
[Result "0-1"]
[WhiteElo "2085"]
[BlackElo "2355"]

1.e4 c5 2.Nf3 d6 3.d4 cxd4 4.Nxd4 Nf6 5.Nc3 a6 6.f3 e5 7.Nb3 Be6 8.Be3 Nbd7
9.Qd2 Qc7 10.g4 h6 11.O-O-O O-O-O 12.Nd5 Bxd5 13.exd5 e4 14.h3 exf3 15.Qf2 Re8
16.Qxf3 Ne5 17.Qf2 Be7 18.Bb6 Qd7 19.Qd4 Kb8 20.Nd2 Bd8 21.Bxd8 Qxd8 22.Nc4 Nxc4
23.Qxc4 Re4 24.Qb3 Qa5 25.Bg2 Re5 26.a3 Rc8 27.Qb4 Qc7 28.c3 Qe7 29.Qd4 Nd7
30.Rd2 Nc5 31.Qb4 Qg5 32.Kc2 Rce8 33.Rhd1 Re2 34.Qb6 Qg6+ 35.Kc1 R2e3 36.Bf1 Qf6
37.Kc2 Rf3 38.Bg2 Rfe3 39.Bf1 Qf4 40.Qb4 Qg5 41.Qb6 Qe5 42.Qb4 f5 43.Qd4 f4
44.Qxe5 R8xe5 45.Rf2 g5 46.Bg2 Kc7 47.Bf3 Kd7 48.b4 Na4 49.c4 Rc3+  0-1

[Event "Verona op"]
[Site "Verona"]
[Date "1997.??.??"]
[Round "1"]
[White "Caruso, Augusto"]
[Black "De Bortoli, Peter"]
[Result "1-0"]
[WhiteElo "2265"]
[BlackElo "2090"]

1.e4 c5 2.Nf3 d6 3.d4 cxd4 4.Nxd4 Nf6 5.Nc3 a6 6.f3 e6 7.Be3 Be7 8.Qd2 Qc7
9.O-O-O Nc6 10.g4 b5 11.g5 Nd7 12.f4 Bb7 13.f5 Nxd4 14.Bxd4 b4 15.Na4 e5
16.Be3 Bxe4 17.Bg2 Bxg2 18.Qxg2 Rc8 19.h4 Qc6 20.Qxc6 Rxc6 21.h5 f6 22.g6 hxg6
23.hxg6 Rxh1 24.Rxh1 d5 25.Rh8+ Bf8 26.Bh6 Ke7 27.Rh7 Kd6 28.Bxg7 Bxg7 29.Rxg7  1-0